Dátová analýza a vizualizácia dát pomocou jazyka Python bakalárska práca

Guardado en:
Detalles Bibliográficos
Autor principal: Hakoš, Juraj
Autor Corporativo: Fakulta hospodárskej informatiky EU. Katedra aplikovanej informatiky
Otros Autores: Mináriková, Erika, 1996-
Formato: Libro
Lenguaje:eslovaco
Publicado: Bratislava 2023
Etiquetas: Agregar Etiqueta
Sin Etiquetas, Sea el primero en etiquetar este registro!

MARC

LEADER 00000nbm a2200000 4500
001 0294978
005 20240221104031.1
041 0 |a slo 
044 |a SK 
245 1 0 |a Dátová analýza a vizualizácia dát pomocou jazyka Python  |b bakalárska práca  |c Juraj Hakoš ; školiteľ: Erika Mináriková 
264 1 |a Bratislava  |c 2023 
300 |a 52 s. 
100 1 |a Hakoš, Juraj 
700 1 |a Mináriková, Erika, 1996- 
710 2 |a Fakulta hospodárskej informatiky EU. Katedra aplikovanej informatiky